[Event "Match"]
[Site "Prague CZE"]
[Date "2003.11.21"]
[Round "1"]
[White "Navara,D"]
[Black "Korchnoi,V"]
[Result "1/2-1/2"]
[WhiteElo "2607"]
[BlackElo "2580"]
[EventDate "2003.11.21"]

1. e4 e5 2. Nf3 Nc6 3. Bb5 a6 4. Ba4 Nf6 5. O-O Nxe4 6. d4 b5 7. Bb3 d5 8.
dxe5 Be6 9. Nbd2 Be7 10. c3 O-O 11. Bc2 f5 12. exf6 Nxf6 13. Ng5 Bg4 14. f3
Bc8 15. Re1 Qd6 16. Qe2 Bd7 17. Nf1 Rae8 18. Qd3 Ne5 19. Qd4 Qc6 20. b4 Nc4
21. Qh4 h6 22. Bg6 Qb6+ 23. Kh1 Ne4 24. Bh7+ Kh8 25. fxe4 hxg5 26. Qh5 Qh6
27. Bg6 Rd8 28. exd5 Bf6 29. Ng3 Qxh5 30. Nxh5 Be8 31. Nxf6 Bxg6 32. Ng4
Rxd5 33. h3 Bh5 34. Be3 Bxg4 35. hxg4 Nxe3 36. Rxe3 Rf4 37. a4 Rxg4 38.
axb5 axb5 39. g3 Rc4 40. Ra6 Kh7 41. Kg2 Rd2+ 42. Kh3 c6 43. Re6 Rd3 44.
Raxc6 Rh4+ 45. Kg2 Rg4 46. Re5 Rgxg3+ 47. Kh2 g4 48. Rxb5 Rh3+ 49. Kg2 Rd2+
1/2-1/2